书目信息 |
| 题名: |
你的农场在城市
|
|
| 作者: | 泰勒 著 ;钱峰 , 黄婉君 译 ;西雅图种植协会 著 | |
| 分册: | ||
| 出版信息: | 武汉 湖北科学技术出版社 2016 |
|
| 页数: | 305页 | |
| 开本: | 24cm | |
| 丛书名: | ||
| 单 册: | ||
| 中图分类: | S63 , S865.3 | |
| 科图分类: | ||
| 主题词: | 蔬菜园艺--Shu Cai Yuan Yi , 宠物--Chong Wu--饲养管理 | |
| 电子资源: | ||
| ISBN: | 978-7-5352-7785-5 | |
| 000 | 01615nam0 2200337 450 | |
| 001 | 1730595490 | |
| 005 | 20151228094015.7 | |
| 010 | @a978-7-5352-7785-5@dCNY68.00 | |
| 100 | @a20151228d2016 em y0chiy0120 ea | |
| 101 | 1 | @achi@ceng |
| 102 | @aCN@b420000 | |
| 105 | @aa z 000yy | |
| 106 | @ar | |
| 200 | 1 | @a你的农场在城市@ANi De Nong Chang Zai Cheng Shi@f(美) 丽莎·泰勒, (美) 西雅图种植协会著@g钱峰, 黄婉君译 |
| 210 | @a武汉@c湖北科学技术出版社@d2016 | |
| 215 | @a305页@c图@d24cm | |
| 312 | @a副题名取自于封面,英文原题名取自于版权页 | |
| 330 | @a本书详解在阳台上或小院里的每个种菜步骤以及如何饲养小动物,教给大家环保、健康、有趣的田园生活方式以及低投入、持续型蔬菜栽培法和小动物饲养法。不论是否有庭院,都可搭建属于自己的绿色小农场。本书详解在阳台上或小院里的每个种菜步骤以及如何饲养小动物,教给大家环保、健康、有趣的田园生活方式以及低投入、持续型蔬菜栽培法和小动物饲养法。不论是否有庭院,都可搭建属于自己的绿色小农场。 | |
| 333 | @a想要种植蔬菜、水果和饲养小动物的城市居民。 | |
| 500 | 10 | @aYour farm in the city : an urban dweller's guide to growing food and raising animals@mChinese |
| 517 | 1 | @a城市居民种植蔬菜、水果和饲养小动物指南@ACheng Shi Ju Min Zhong Zhi Shu Cai 、 Shui Guo He Si Yang Xiao Dong Wu Zhi Nan |
| 606 | 0 | @a蔬菜园艺@AShu Cai Yuan Yi |
| 606 | 0 | @a宠物@AChong Wu@x饲养管理 |
| 690 | @aS63@v5 | |
| 690 | @aS865.3@v5 | |
| 701 | 1 | @a泰勒@ATai Le@g(Taylor, Lisa)@4著 |
| 702 | 0 | @a钱峰@AQian Feng@4译 |
| 702 | 0 | @a黄婉君@AHuang Wan Jun@4译 |
| 711 | 02 | @a西雅图种植协会@AXi Ya Tu Zhong Zhi Xie Hui@4著 |
| 801 | 0 | @aCN@b江苏新华@c20150511 |
| 905 | @aMUSE@dS63@e185 | |
| 你的农场在城市/(美) 丽莎·泰勒, (美) 西雅图种植协会著/钱峰, 黄婉君译.-武汉:湖北科学技术出版社,2016 |
| 305页:图;24cm |
| 使用对象:想要种植蔬菜、水果和饲养小动物的城市居民。 |
| ISBN 978-7-5352-7785-5:CNY68.00 |
| 本书详解在阳台上或小院里的每个种菜步骤以及如何饲养小动物,教给大家环保、健康、有趣的田园生活方式以及低投入、持续型蔬菜栽培法和小动物饲养法。不论是否有庭院,都可搭建属于自己的绿色小农场。本书详解在阳台上或小院里的每个种菜步骤以及如何饲养小动物,教给大家环保、健康、有趣的田园生活方式以及低投入、持续型蔬菜栽培法和小动物饲养法。不论是否有庭院,都可搭建属于自己的绿色小农场。 |
| ● |
| 相关链接 |
|
|
|
正题名:你的农场在城市
索取号:S63/185
 
预约/预借
| 序号 | 登录号 | 条形码 | 馆藏地/架位号 | 状态 | 备注 |
| 1 | 801998 | 2000801998 | 第二书库/ [索取号:S63/185] | 在馆 | |
| 2 | 801999 | 2000801999 | 第二书库/ [索取号:S63/185] | 在馆 | |
| 3 | 802000 | 2000802000 | 第二书库/ [索取号:S63/185] | 在馆 | |
| 4 | 829167 | 2000829167 | 第二书库/ [索取号:S63/185] | 在馆 | |
| 5 | 829168 | 2000829168 | 第二书库/ [索取号:S63/185] | 在馆 | |
| 6 | 829169 | 2000829169 | 第二书库/ [索取号:S63/185] | 在馆 |